000 03266nam a2200529 i 4500
003 DO-SdBNP
005 20251009103211.0
007 ta
008 110301s2021 dr ao 000 0 spa d
020 _a9789945931600
040 _aDO-SdBNP
_bspa
_cBNPHU
_erda
082 4 _a338.477
_bD671c
_222
245 0 0 _aDominicana creativa :
_b talento en la economía naranja = talent in the orange economy = talent dans l´economie orange /
_cMaría Amalia León ... [et al.] ; presentación Christopher Paniagua ; edición Victor Siladi ; traducción al inglés, Amanda Livoti ; traducción al francés, Mayra C. Pichardo ; prólogo Julio Sánchez Maríñez
246 3 3 _aDominicana creativa :
_btalent in the orange economy
246 3 3 _aDominicana creativa :
_b talent dans l´economie orange
264 _aSanto Domingo :
_bBanco Popular,
_c2019.
300 _a450 páginas :
_bilustraciones y fotos ;
_c32 cm.
336 _atexto
_2rdacontent
_btxt
337 _2rdamedia
_asin mediación
_bnc
338 _2rdacarrier
_avolumen
_bnc
500 _aLibro en español, ingles y francés.
505 0 _aPresentación /
_rChistopher Paniagua--
_gMinisterio de Industria, Comercio y Mipymes (MICM) /
_rVíctor Orlando Bisonó Haza --
_gPrólogo /
_rJulio Sánchez Maríñez --
_gIntroducción /
_rManuel García Arévalo --
_gCinematografía--
_tEl cine: vida y refugio en cada tormenta /
_rAlbert Martínez Martín --
_gArquitectura --
_tel color naranja: urbanismo y arquitectura /
_rJuan Mubarak --
_gModa --
_tLa moda: pasión y legado de Jenny Polanco /
_rCarla Quiñones Polanco /
_gGestión cultural --
_tAcompañar y exponer la cultura /
_rMaría Amalia León--
_gDiseño --
_tLos cimientos de una fuerza cultural y creativa //
_rDominique Bluhdorn, Stephen Kaplan --
_gArtesanía --
_tLa artesanía en su tiempo promisorio /
_rIgnacio Nova --
_gGastronomía --
_tGastronomía: pasión, deleite y cultura /
_rMaría Marte--
_gAudiovisuales --
_tLa radio y la televisión: una red de talentos /
_rEdilenia Tactuk /
_gPublicidad --
_tPublicidad y branding /
_rFelipe Pagés /
_gTecnología --
_tEconomía naranja potenciada por la tecnología /
_rJosé Armando Tavarez .
590 _aInventariado, 2022/ YL
650 4 _aArte
_xAspectos economicos
_zRepública Dominicana
_982904
650 4 _aEconomía creativa
_982905
650 4 _aIndustria cultural
_xAspectos económicos
_zRepública Dominicana
_982906
650 4 _aCultura
_xAspectos económicos
_983792
700 1 _aSiladi, Víctor
_eed.
_973802
700 1 _aPaniagua, Christopher
_epres.
_982907
700 1 _aSánchez Maríñez, Julio
_eprol.
_91591
700 1 _aGarcía Arévalo, Manuel
_eintr.
_982908
700 1 2 _aLivoti, Amanda
_etrad.
_982909
700 1 _aPichardo, Mayra C.
_etrad.
_982910
700 1 _aMartínez Martin, Albert
_982911
700 1 _aMubarak, Juan
_976030
700 1 _aQuiñones Polanco, Carla
_982912
700 1 _aLeón, María Amalia
_957578
700 1 _aBluhdorn, Dominique
_982913
700 1 _aKaplan, Stephen
_982914
700 1 _aNova, Ignacio
_955088
700 1 _aMarte, María
_982915
700 1 _aTactuk, Edilenia
_982916
700 1 _aPagés, Felipe
_975517
700 1 _aTavarez, José Armando
_982917
910 _aYLockward. Validado. Control de calidad/MAA
942 _2ddc
_cLBS1
999 _c53019
_d53019